Cuentos seleccionados / (Registro nro. 4221)

Detalles MARC
000 -LEADER
fixed length control field 00876nam a2200229Ia 4500
003 - CONTROL NUMBER IDENTIFIER
control field OSt
005 - DATE AND TIME OF LATEST TRANSACTION
control field 20250729154824.0
008 - FIXED-LENGTH DATA ELEMENTS--GENERAL INFORMATION
fixed length control field 191128t2018 ck a er 000 j spa d
020 ## - INTERNATIONAL STANDARD BOOK NUMBER
International Standard Book Number 9789588296937
040 ## - CATALOGING SOURCE
Original cataloging agency CO-JMCR
Transcribing agency CO-JMCR
041 0# - LANGUAGE CODE
Language code of text/sound track or separate title spa
082 04 - DEWEY DECIMAL CLASSIFICATION NUMBER
Classification number J-C
Item number ARJc
100 1# - MAIN ENTRY--PERSONAL NAME
Personal name Arjona, Adriana,
Relator term autora
9 (RLIN) 229
245 10 - TITLE STATEMENT
Title Cuentos seleccionados /
Statement of responsibility, etc. Adriana Arjona, Hamilton Barrios, Beatriz Cadavid
250 ## - EDITION STATEMENT
Edition statement Primera edición
260 ## - PUBLICATION, DISTRIBUTION, ETC.
Place of publication, distribution, etc. Bogotá :
Name of publisher, distributor, etc. cangrejo editores,
Date of publication, distribution, etc. ©2018
300 ## - PHYSICAL DESCRIPTION
Extent 86 páginas ;
Dimensions 21 cm.
490 0# - SERIES STATEMENT
Series statement Nuevas letras de colombia
505 ## - FORMATTED CONTENTS NOTE
Formatted contents note Afroman / Adriana Arjona -- Sancocho de gallina / Hamilton Barrios -- Al otro lado del puente / Beatriz Cadavid -- Y un día no volvió / Rodrigo Rogelis -- Las tejas viejas / Marco Sánchez P. -- Febrero -- Camilo Vergara
650 14 - SUBJECT ADDED ENTRY--TOPICAL TERM
Topical term or geographic name entry element Cuentos colombianos
9 (RLIN) 2360
942 ## - ADDED ENTRY ELEMENTS (KOHA)
Source of classification or shelving scheme Dewey Decimal Classification
Koha item type Books
Existencias
Withdrawn status Lost status Source of classification or shelving scheme Damaged status Not for loan Home library Current library Date acquired Source of acquisition Cost, normal purchase price Total Checkouts Total Renewals Full call number Barcode Date last seen Date last checked out Copy number Koha item type
    Dewey Decimal Classification     Biblioteca Pública José María del Castillo y Rada Biblioteca Pública José María del Castillo y Rada 11/28/2019 Donación 0.00 5 2 J-C ARJc 201809051 07/01/2020 06/05/2020 Ej.1 Books